[Event "Aragon-chT Preferente Descenso"]
[Site "Aragon"]
[Date "2019.03.30"]
[Round "10.29"]
[White "Rodriguez Leiva, Manuel"]
[Black "Galve Guinea, Alejandro"]
[Result "1-0"]
[WhiteElo "1932"]
[BlackElo "2001"]
[PlyCount "38"]
[EventDate "2019.03.30"]
[EventType "team-match"]
[EventRounds "10"]
[EventCountry "ESP"]
[SourceTitle "EXT 2020"]
[Source "ChessBase"]
[SourceDate "2019.10.17"]
[SourceVersion "1"]
[SourceVersionDate "2019.10.17"]
[SourceQuality "1"]
[WhiteTeam "Jaime Casas II"]
[BlackTeam "El Olivar III"]
[WhiteTeamCountry "ESP"]
[BlackTeamCountry "ESP"]

1. c4 Nf6 2. Nc3 c6 3. g3 d5 4. cxd5 cxd5 5. d4 Nc6 6. Bg2 Bf5 7. Nf3 e6 8. 0-0 Be7 9. Bf4 0-0 10. Rc1 h6 11. Ne5 Rc8 12. Nxc6 Rxc6 13. a3 Qa5 14. Qd2 Rfc8 15. Nxd5 Qxd2 16. Nxe7+ Kf8 17. Bxd2 Rxc1 18. Rxc1 Rxc1+ 19. Bxc1 Kxe7 1-0

[Event "Aragon-chT Preferente Gr-II"]
[Site "Aragon"]
[Date "2019.03.09"]
[Round "7.54"]
[White "Aribau Rivas, Miguel Angel"]
[Black "Rodriguez Leiva, Manuel"]
[Result "1/2-1/2"]
[WhiteElo "2043"]
[BlackElo "1932"]
[PlyCount "95"]
[EventDate "2019.01.26"]
[EventType "team-tourn"]
[EventRounds "9"]
[EventCountry "ESP"]
[SourceTitle "EXT 2020"]
[Source "ChessBase"]
[SourceDate "2019.10.17"]
[SourceVersion "1"]
[SourceVersionDate "2019.10.17"]
[SourceQuality "1"]
[WhiteTeam "Fraga"]
[BlackTeam "Jaime Casas II"]
[WhiteTeamCountry "ESP"]
[BlackTeamCountry "ESP"]

1. e4 e6 2. d4 d5 3. e5 c5 4. c3 Nc6 5. Nf3 Qb6 6. a3 cxd4 7. cxd4 Bd7 8. Nc3 a6 9. Be3 Rc8 10. Bd3 Na5 11. Rb1 Nc4 12. Bxc4 Rxc4 13. 0-0 Ne7 14. Nd2 Rc7 15. Na4 Qa5 16. Nc5 Nf5 17. Nxd7 Rxd7 18. Nb3 Qb6 19. Qd3 Nxe3 20. fxe3 Be7 21. Rfc1 0-0 22. Nd2 f6 23. exf6 Bxf6 24. Nf3 Qd6 25. Rd1 Rc7 26. Rbc1 Rfc8 27. Qd2 Qb6 28. Rxc7 Qxc7 29. h3 Qc4 30. Qd3 Qc7 31. Qd2 Qg3 32. Qf2 Qg6 33. Qe2 Rc2 34. Rd2 Rc4 35. Kf2 Qf7 36. Rc2 b5 37. b3 Rc7 38. Qd3 Qd7 39. Ke2 Qd6 40. Rxc7 Qxc7 41. a4 bxa4 42. bxa4 Qb6 43. Qc2 g6 44. Kf1 Kg7 45. Ke2 Qb4 46. Qc7+ Kh6 47. Qc2 a5 48. Kf2 1/2-1/2

[Event "Aragon-chT Preferente Gr-II"]
[Site "Aragon"]
[Date "2019.03.02"]
[Round "6.70"]
[White "Rodriguez Leiva, Manuel"]
[Black "Barranco Mananet, Fernando"]
[Result "0-1"]
[WhiteElo "1932"]
[BlackElo "2045"]
[PlyCount "94"]
[EventDate "2019.01.26"]
[EventType "team-tourn"]
[EventRounds "9"]
[EventCountry "ESP"]
[SourceTitle "EXT 2020"]
[Source "ChessBase"]
[SourceDate "2019.10.17"]
[SourceVersion "1"]
[SourceVersionDate "2019.10.17"]
[SourceQuality "1"]
[WhiteTeam "Jaime Casas II"]
[BlackTeam "Monzon"]
[WhiteTeamCountry "ESP"]
[BlackTeamCountry "ESP"]

1. c4 e5 2. Nc3 Bb4 3. Nd5 a5 4. Nxb4 axb4 5. b3 c5 6. Bb2 Nc6 7. g3 Nge7 8. e4 0-0 9. Nf3 d6 10. h3 h6 11. Bg2 Be6 12. 0-0 Qd7 13. Kh2 f5 14. d3 Ng6 15. Nd2 f4 16. g4 Nh4 17. Nf3 Ng6 18. Ng1 Rf7 19. g5 f3 20. Bxf3 Raf8 21. Qe2 Nf4 22. Qe3 Nxh3 23. gxh6 g6 24. Be2 Nxf2 25. Qg5 Kh7 26. Qg2 Bg4 27. Rae1 Bxe2 28. Nxe2 Ng4+ 29. Kg1 Rxf1+ 30. Rxf1 Ne3 31. Rxf8 Nxg2 32. Kxg2 Qe7 33. Rf2 Kxh6 34. Bc1+ Kg7 35. Rf3 Qh4 36. Rg3 Qh5 37. Kf2 Nd4 38. Nxd4 exd4 39. Bf4 Qh2+ 40. Kf3 Qxa2 41. Bxd6 Qxb3 42. Kf4 Qc3 43. Ke5 b3 44. Ke6 Qb4 45. Be5+ Kh6 46. Bf6 Qb6+ 47. Kf7 Qc7+ 0-1

[Event "Aragon-chT Preferente Gr-II"]
[Site "Aragon"]
[Date "2019.02.23"]
[Round "5.2"]
[White "Rodriguez Leiva, Manuel"]
[Black "Bayod Rubia, Angel"]
[Result "1-0"]
[WhiteElo "1932"]
[BlackElo "1961"]
[PlyCount "115"]
[EventDate "2019.01.26"]
[EventType "team-tourn"]
[EventRounds "9"]
[EventCountry "ESP"]
[SourceTitle "EXT 2020"]
[Source "ChessBase"]
[SourceDate "2019.10.17"]
[SourceVersion "1"]
[SourceVersionDate "2019.10.17"]
[SourceQuality "1"]
[WhiteTeam "Jaime Casas II"]
[BlackTeam "El Olivar II"]
[WhiteTeamCountry "ESP"]
[BlackTeamCountry "ESP"]

1. c4 e5 2. Nc3 Nc6 3. g3 Nf6 4. Bg2 Be7 5. Nf3 0-0 6. 0-0 d6 7. d4 exd4 8. Nxd4 Ne5 9. b3 c6 10. Qc2 Re8 11. Bb2 Bf8 12. Rad1 Qc7 13. Nf5 Be6 14. Ne4 Nxe4 15. Bxe4 Ng6 16. Rfe1 Rad8 17. h4 h5 18. Ne3 Ne5 19. Bh7+ Kh8 20. Bf5 Qc8 21. Bxe6 Qxe6 22. Ng2 Ng6 23. Qd2 Qg4 24. Qg5 Qxg5 25. hxg5 Re6 26. f4 Re4 27. e3 Rde8 28. Kf2 Kg8 29. Rh1 Ne7 30. Rxh5 Nf5 31. Rdh1 f6 32. g6 Nh6 33. Kf3 f5 34. Bc1 d5 35. cxd5 cxd5 36. Bb2 R4e6 37. Bd4 Rxg6 38. Nh4 Ra6 39. Nxf5 Nxf5 40. Rxf5 Rxa2 41. Rxd5 Ra3 42. Rb1 Rc8 43. g4 b6 44. Rd7 Rb8 45. g5 Ra5 46. g6 Rc8 47. Kg4 Re8 48. Rf1 Rb5 49. Rxa7 Rxb3 50. Rc1 b5 51. Rcc7 Rb1 52. Kf5 Rg1 53. Bxg7 Bd6 54. Rd7 Bc5 55. Rab7 Rb1 56. Be5 Bxe3 57. Rg7+ Kf8 58. Rbf7# 1-0

[Event "Aragon-chT Preferente Gr-II"]
[Site "Aragon"]
[Date "2019.02.16"]
[Round "4.67"]
[White "Carrasquer Alonso, Fernando"]
[Black "Rodriguez Leiva, Manuel"]
[Result "1-0"]
[WhiteElo "1741"]
[BlackElo "1932"]
[PlyCount "69"]
[EventDate "2019.01.26"]
[EventType "team-tourn"]
[EventRounds "9"]
[EventCountry "ESP"]
[SourceTitle "EXT 2020"]
[Source "ChessBase"]
[SourceDate "2019.10.17"]
[SourceVersion "1"]
[SourceVersionDate "2019.10.17"]
[SourceQuality "1"]
[WhiteTeam "Jaque II"]
[BlackTeam "Jaime Casas II"]
[WhiteTeamCountry "ESP"]
[BlackTeamCountry "ESP"]

1. e4 e5 2. Nf3 Nc6 3. Bc4 d6 4. c3 Na5 5. Qa4+ c6 6. Be2 b5 7. Qc2 Bg4 8. a4 a6 9. d4 Be7 10. dxe5 Bxf3 11. gxf3 dxe5 12. b4 Nb7 13. axb5 axb5 14. Rxa8 Qxa8 15. f4 exf4 16. Bxf4 Nf6 17. 0-0 0-0 18. Nd2 c5 19. Bf3 Qc8 20. e5 Nd7 21. bxc5 Nbxc5 22. Ne4 Nxe4 23. Bxe4 g6 24. Bh6 Re8 25. e6 Ne5 26. f4 Qc5+ 27. Kh1 Nc4 28. exf7+ Kxf7 29. f5 g5 30. Qe2 Rg8 31. f6 Bd6 32. Qg4 Ne5 33. Qh5+ Ng6 34. Bxg5 Kf8 35. Qh6+ 1-0

[Event "Aragon-chT Preferente Gr I "]
[Site "Aragon"]
[Date "2018.03.17"]
[Round "8.46"]
[White "Rodriguez Aranda, Kevin"]
[Black "Rodriguez Leiva, Manuel"]
[Result "0-1"]
[WhiteElo "1734"]
[BlackElo "1935"]
[PlyCount "145"]
[EventDate "2018.01.27"]
[EventType "team-tourn"]
[EventRounds "9"]
[EventCountry "ESP"]
[SourceTitle "EXT 2019"]
[Source "ChessBase"]
[SourceDate "2018.10.10"]
[SourceVersion "1"]
[SourceVersionDate "2018.10.10"]
[SourceQuality "1"]
[WhiteTeam "Monzon II"]
[BlackTeam "Jaime Casas II"]
[WhiteTeamCountry "ESP"]
[BlackTeamCountry "ESP"]

1. e4 e6 2. d4 d5 3. Nd2 Nf6 4. e5 Nfd7 5. Bd3 c5 6. c3 Nc6 7. Ne2 f6 8. Nf4 Qe7 9. Qh5+ Qf7 10. Qxf7+ Kxf7 11. exf6 Nxf6 12. Nf3 Bd6 13. Ng5+ Ke7 14. dxc5 Bxf4 15. Bxf4 e5 16. Bg3 h6 17. Nh3 g5 18. 0-0-0 Be6 19. Rhe1 e4 20. Bb5 a6 21. Ba4 Kf7 22. Ng1 Rad8 23. h3 h5 24. Ne2 h4 25. Bc7 Rc8 26. Bxc6 Rxc7 27. Ba4 Rxc5 28. Nd4 Bc8 29. Bb3 b5 30. f3 exf3 31. Nxf3 g4 32. hxg4 Bxg4 33. Ne5+ Kg7 34. Nxg4 Nxg4 35. Bxd5 Rf8 36. Re7+ Kh6 37. Bf3 Ne5 38. b4 Rxc3+ 39. Kb2 Re3 40. Rd6+ Kg5 41. Rg7+ Kf5 42. Bd5 Nd3+ 43. Kc3 Nf4+ 44. Kd4 Ra3 45. Kc5 Rc8+ 46. Bc6 Ne6+ 47. Rxe6 Kxe6 48. Rg6+ Kf5 49. Rh6 Kg5 50. Re6 Rc3+ 51. Kb6 R3xc6+ 52. Rxc6 Rxc6+ 53. Kxc6 Kg4 54. Kb7 Kg3 55. Kxa6 Kxg2 56. Kxb5 Kg3 57. Ka6 h3 58. b5 h2 59. b6 h1Q 60. b7 Qh6+ 61. Ka7 Qe3+ 62. Ka6 Qe2+ 63. Kb6 Qb2+ 64. Kc7 Qc3+ 65. Kb6 Qb4+ 66. Kc7 Qc5+ 67. Kd7 Qb6 68. Kc8 Qc6+ 69. Kb8 Kf4 70. Ka7 Qc7 71. a4 Ke5 72. Ka8 Qa5+ 73. Kb8 0-1

[Event "Aragon-chT Preferente Gr I "]
[Site "Aragon"]
[Date "2018.02.24"]
[Round "5.35"]
[White "Rodriguez Leiva, Manuel"]
[Black "Arbiol Val, Sergio"]
[Result "1-0"]
[WhiteElo "1935"]
[BlackElo "1631"]
[PlyCount "95"]
[EventDate "2018.01.27"]
[EventType "team-tourn"]
[EventRounds "9"]
[EventCountry "ESP"]
[SourceTitle "EXT 2019"]
[Source "ChessBase"]
[SourceDate "2018.10.10"]
[SourceVersion "1"]
[SourceVersionDate "2018.10.10"]
[SourceQuality "1"]
[WhiteTeam "Jaime Casas II"]
[BlackTeam "Actur Rey Fernando"]
[WhiteTeamCountry "ESP"]
[BlackTeamCountry "ESP"]

1. c4 e5 2. Nc3 Nf6 3. g3 Bc5 4. Bg2 0-0 5. Nf3 Nc6 6. 0-0 d6 7. a3 a5 8. d3 Re8 9. Bg5 h6 10. Bh4 Bg4 11. Nd5 e4 12. Bxf6 gxf6 13. dxe4 Rxe4 14. Qd2 Kg7 15. Rac1 Nd4 16. Nxd4 Rxd4 17. Qc2 Bh5 18. e3 Bg6 19. Qe2 Bd3 20. Qf3 Bxf1 21. Kxf1 Rd2 22. Qg4+ Kh8 23. Qf4 Qf8 24. Nxf6 Qg7 25. Rb1 Qg5 26. Qf3 c6 27. Ne4 Rxf2+ 28. Kxf2 Qg6 29. Qf6+ Kg8 30. Qxg6+ fxg6 31. Nxc5 dxc5 32. Rd1 b5 33. Bxc6 Rf8+ 34. Kg2 b4 35. Rd6 Kg7 36. Be4 Re8 37. Kf3 g5 38. Rg6+ Kf7 39. Rxh6 g4+ 40. Kf4 Rf8 41. Rc6 Ke7+ 42. Bf5 Rh8 43. Rxc5 Rxh2 44. Rxa5 Rxb2 45. axb4 Rxb4 46. Rc5 Kd6 47. Rc8 Ra4 48. e4 1-0

[Event "Aragon-chT Preferente Gr I "]
[Site "Aragon"]
[Date "2018.02.03"]
[Round "2.45"]
[White "Miranda Herrera, Jorge Manuel"]
[Black "Rodriguez Leiva, Manuel"]
[Result "1-0"]
[WhiteElo "1858"]
[BlackElo "1935"]
[PlyCount "109"]
[EventDate "2018.01.27"]
[EventType "team-tourn"]
[EventRounds "9"]
[EventCountry "ESP"]
[SourceTitle "EXT 2019"]
[Source "ChessBase"]
[SourceDate "2018.10.10"]
[SourceVersion "1"]
[SourceVersionDate "2018.10.10"]
[SourceQuality "1"]
[WhiteTeam "Monsalud Soluzion"]
[BlackTeam "Jaime Casas II"]
[WhiteTeamCountry "ESP"]
[BlackTeamCountry "ESP"]

1. e4 e6 2. d4 d5 3. exd5 exd5 4. Bd3 Nf6 5. h3 c5 6. c3 Nc6 7. Ne2 Be7 8. 0-0 0-0 9. dxc5 Bxc5 10. Bg5 h6 11. Bf4 Be6 12. Nd2 Bd6 13. Nf3 Bxf4 14. Nxf4 Qc7 15. Ne2 Ne5 16. Nxe5 Qxe5 17. Nd4 a6 18. a4 Bd7 19. Re1 Qg5 20. Qf3 Rae8 21. a5 Rxe1+ 22. Rxe1 Re8 23. Rxe8+ Nxe8 24. Qe2 Nd6 25. Kh2 Kf8 26. g3 Qe7 27. Qd2 Bc8 28. Qf4 g5 29. Qf3 Qe5 30. Qe2 Ne4 31. Bxe4 dxe4 32. Qc4 Qe8 33. Ne2 Qe6 34. Qd4 Qxh3+ 35. Kg1 Qe6 36. Qh8+ Ke7 37. Nd4 Qg4 38. Qe5+ Be6 39. Qc7+ Kf6 40. Qxb7 e3 41. Qxa6 Qd1+ 42. Qf1 exf2+ 43. Kxf2 Qxf1+ 44. Kxf1 Bd5 45. Kf2 Ke5 46. a6 f5 47. Nb5 f4 48. a7 Ke4 49. Nc7 Bb7 50. gxf4 gxf4 51. a8Q Bxa8 52. Nxa8 h5 53. Nb6 h4 54. Nc4 h3 55. Nd2+ 1-0

[Event "Aragon-chT Preferente A"]
[Site "Aragon"]
[Date "2017.02.04"]
[Round "2.34"]
[White "Rodriguez Leiva, Manuel"]
[Black "Rodes Apilluelo, Jose Maria"]
[Result "1-0"]
[WhiteElo "1974"]
[BlackElo "2016"]
[PlyCount "87"]
[EventDate "2017.01.28"]
[EventType "team-tourn"]
[EventRounds "9"]
[EventCountry "ESP"]
[SourceTitle "EXT 2018"]
[Source "ChessBase"]
[SourceDate "2017.10.13"]
[SourceVersion "1"]
[SourceVersionDate "2017.10.13"]
[SourceQuality "1"]
[WhiteTeam "Jaime Casas II"]
[BlackTeam "St Casablanca III"]
[WhiteTeamCountry "ESP"]
[BlackTeamCountry "ESP"]

1. c4 Nf6 2. Nc3 b6 3. e4 d6 4. d4 c5 5. d5 e5 6. f4 Bg4 7. Be2 Bxe2 8. Ngxe2 Nbd7 9. 0-0 Be7 10. Ng3 a6 11. Nf5 g6 12. Nxe7 Qxe7 13. Qf3 h6 14. fxe5 Qxe5 15. Bf4 Qe7 16. Rae1 Nh5 17. Bd2 Ne5 18. Qe2 Qd7 19. Bf4 Nxf4 20. Rxf4 0-0-0 21. b3 Rde8 22. Ref1 Rhf8 23. a3 Kc7 24. Rf6 Qe7 25. Qc2 Qd7 26. Qd2 h5 27. Qf2 Re7 28. Qc2 Qe8 29. Qf2 Nd3 30. Qg3 Ne5 31. a4 Qd7 32. Ne2 Rfe8 33. Nf4 Rd8 34. Nd3 Nxd3 35. Qxd3 a5 36. Qf3 Rde8 37. Rxf7 Kd8 38. Qf6 Kc8 39. Rxe7 Rxe7 40. Qxg6 Rh7 41. Rf6 Kc7 42. Rxd6 Qe7 43. Rc6+ Kd7 44. Rxb6 1-0

[Event "Huesca Province-ch"]
[Site "Sabinanigo"]
[Date "2016.11.26"]
[Round "7"]
[White "Rodriguez Leiva, Manuel"]
[Black "Aribau Rivas, Miguel Angel"]
[Result "1-0"]
[WhiteElo "1957"]
[BlackElo "2052"]
[PlyCount "117"]
[EventDate "2016.10.15"]
[EventType "swiss"]
[EventRounds "7"]
[EventCountry "ESP"]
[SourceTitle "EXT 2018"]
[Source "ChessBase"]
[SourceDate "2017.10.13"]
[SourceVersion "1"]
[SourceVersionDate "2017.10.13"]
[SourceQuality "1"]

1. c4 e5 2. Nc3 Nc6 3. e4 g6 4. d3 Bg7 5. Nf3 d6 6. Be2 Nge7 7. 0-0 0-0 8. Bg5 h6 9. Bd2 f5 10. Nd5 g5 11. Bc3 Ng6 12. Nd2 Nce7 13. Nxe7+ Qxe7 14. exf5 Bxf5 15. Ne4 Nf4 16. Rc1 Kh8 17. Ng3 Bg6 18. Nh5 c5 19. Nxf4 gxf4 20. Bf3 Rab8 21. Re1 Qg5 22. Be4 Bf7 23. f3 Bf6 24. Re2 Rg8 25. Qa4 Be6 26. Qxa7 h5 27. Qb6 Be7 28. Bd5 Bxd5 29. cxd5 Qg6 30. Rd1 Qf7 31. Kf1 Bf8 32. a4 Qxd5 33. Re4 Bg7 34. Qc7 Rbd8 35. Rxf4 Rgf8 36. Rxf8+ Rxf8 37. Ke2 Kg8 38. Qe7 Bf6 39. Qd7 Rf7 40. Qf5 h4 41. Rf1 Be7 42. Qc8+ Kh7 43. Rf2 Rg7 44. Qf5+ Kh8 45. f4 Rf7 46. Qh5+ Kg8 47. Rf3 c4 48. dxc4 Qxc4+ 49. Kd2 Qd5+ 50. Kc1 Bf6 51. fxe5 dxe5 52. Qg6+ Bg7 53. Bxe5 Qxe5 54. Qxf7+ Kh8 55. Qxb7 Qg5+ 56. Kb1 Qe5 57. Rb3 Qe6 58. Ka2 Qc4 59. Qb5 1-0

[Event "Huesca Province-ch"]
[Site "Sabinanigo"]
[Date "2016.10.29"]
[Round "3"]
[White "Rodriguez Leiva, Manuel"]
[Black "Gimenez Fernandez, Alfonso"]
[Result "1-0"]
[WhiteElo "1957"]
[BlackElo "1676"]
[PlyCount "91"]
[EventDate "2016.10.15"]
[EventType "swiss"]
[EventRounds "7"]
[EventCountry "ESP"]
[SourceTitle "EXT 2018"]
[Source "ChessBase"]
[SourceDate "2017.10.13"]
[SourceVersion "1"]
[SourceVersionDate "2017.10.13"]
[SourceQuality "1"]

1. c4 e6 2. Nc3 Nf6 3. e4 Nc6 4. Nf3 d5 5. e5 Ne4 6. Be2 Be7 7. 0-0 Ng5 8. Nxg5 Bxg5 9. f4 Bh4 10. cxd5 exd5 11. d4 Bf5 12. Be3 Nb4 13. Rc1 h6 14. a3 Na6 15. Qb3 Rb8 16. Qxd5 0-0 17. b4 c6 18. Qxd8 Rfxd8 19. g3 Be7 20. g4 Bd7 21. d5 Bh4 22. dxc6 Bc8 23. Bxa6 bxa6 24. c7 Bxg4 25. cxb8Q Rxb8 26. Bf2 Be7 27. Nd5 Bd8 28. Bxa7 Rb7 29. Bc5 Rd7 30. Ne3 Be2 31. Rf2 Bh5 32. Rcc2 Bh4 33. Rfd2 Rb7 34. Bd6 g5 35. f5 g4 36. Rc8+ Kh7 37. Rdc2 Bg5 38. Kf2 Bf4 39. Nf1 Bg5 40. Ng3 Bh4 41. Kg2 Bxg3 42. hxg3 Rb5 43. Bc5 a5 44. Rd2 axb4 45. axb4 Rb7 46. Rdd8 1-0

[Event "Aragon-chT Preferente A"]
[Site "Aragon"]
[Date "2015.03.21"]
[Round "9.43"]
[White "Eizaguerri Floris, Maria"]
[Black "Rodriguez Leiva, Manuel"]
[Result "1-0"]
[WhiteElo "1902"]
[BlackElo "1956"]
[PlyCount "69"]
[EventDate "2015.01.24"]
[EventType "team-tourn"]
[EventRounds "11"]
[EventCountry "ESP"]
[SourceTitle "EXT 2017"]
[Source "ChessBase"]
[SourceDate "2016.10.25"]
[SourceVersion "1"]
[SourceVersionDate "2016.10.25"]
[SourceQuality "1"]
[WhiteTeam "IberCaja II"]
[BlackTeam "Jaime Casas II"]
[WhiteTeamCountry "ESP"]
[BlackTeamCountry "ESP"]

1. d4 g6 2. Nf3 Bg7 3. Bf4 Nf6 4. e3 d6 5. h3 0-0 6. Be2 Nbd7 7. c4 c6 8. Nc3 Re8 9. 0-0 Nf8 10. Rc1 Bd7 11. b4 b6 12. Qb3 a5 13. b5 cxb5 14. Nxb5 Bxb5 15. Qxb5 Rb8 16. Rfd1 Ne6 17. Bh2 Nc7 18. Qb3 Nd7 19. Qa3 Ra8 20. c5 bxc5 21. dxc5 d5 22. Bxc7 Qxc7 23. Rxd5 Rec8 24. Bb5 Nf8 25. c6 Ne6 26. Rd7 Qb8 27. Qxe7 Rf8 28. Rb7 Qd8 29. Qxd8 Rfxd8 30. c7 Rdc8 31. Bd7 Rxc7 32. Rbxc7 Nxc7 33. Rxc7 Bf8 34. Bb5 Rd8 35. g3 1-0

[Event "Aragon-chT Preferente A"]
[Site "Aragon"]
[Date "2015.03.07"]
[Round "7.39"]
[White "Puertolas Serena, Arturo"]
[Black "Rodriguez Leiva, Manuel"]
[Result "0-1"]
[WhiteElo "1919"]
[BlackElo "1956"]
[PlyCount "44"]
[EventDate "2015.01.24"]
[EventType "team-tourn"]
[EventRounds "11"]
[EventCountry "ESP"]
[SourceTitle "EXT 2017"]
[Source "ChessBase"]
[SourceDate "2016.10.25"]
[SourceVersion "1"]
[SourceVersionDate "2016.10.25"]
[SourceQuality "1"]
[WhiteTeam "La Aurora Estadilla II"]
[BlackTeam "Jaime Casas II"]
[WhiteTeamCountry "ESP"]
[BlackTeamCountry "ESP"]

1. e4 e6 2. d4 d5 3. e5 c5 4. c3 Nc6 5. Nf3 Qb6 6. Bd3 Bd7 7. dxc5 Bxc5 8. 0-0 Qc7 9. b4 Bb6 10. Qe2 Nge7 11. Na3 a6 12. b5 Nb8 13. c4 Bc5 14. Bb2 axb5 15. Nxb5 Bxb5 16. cxb5 Ng6 17. g3 Nd7 18. h4 f6 19. exf6 Qxg3+ 20. Kh1 Qh3+ 21. Kg1 Nf4 22. f7+ Ke7 0-1

[Event "Aragon-chT Preferente A"]
[Site "Aragon"]
[Date "2015.02.28"]
[Round "6.51"]
[White "Rodriguez Leiva, Manuel"]
[Black "Saura Solano, Jose Luis"]
[Result "1-0"]
[WhiteElo "1956"]
[BlackElo "1764"]
[PlyCount "45"]
[EventDate "2015.01.24"]
[EventType "team-tourn"]
[EventRounds "11"]
[EventCountry "ESP"]
[SourceTitle "EXT 2017"]
[Source "ChessBase"]
[SourceDate "2016.10.25"]
[SourceVersion "1"]
[SourceVersionDate "2016.10.25"]
[SourceQuality "1"]
[WhiteTeam "Jaime Casas II"]
[BlackTeam "Binefar"]
[WhiteTeamCountry "ESP"]
[BlackTeamCountry "ESP"]

1. c4 Nf6 2. Nc3 e6 3. Nf3 b6 4. e4 d6 5. d4 Bb7 6. Bd3 Be7 7. 0-0 0-0 8. d5 Na6 9. a3 Nc5 10. Bc2 exd5 11. exd5 Ng4 12. Nd4 Ne5 13. b4 Ncd7 14. f4 Ng6 15. Ne4 Nf6 16. Ng5 a5 17. b5 Nd7 18. Qh5 Nf6 19. Qe2 Re8 20. Qd3 Nd7 21. Nxh7 Kxh7 22. Ne6 Nc5 23. Qh3+ 1-0

[Event "Aragon-chT Preferente A"]
[Site "Aragon"]
[Date "2014.02.08"]
[Round "3.51"]
[White "Rodriguez Leiva, Manuel"]
[Black "Gella Bitrian, Diego"]
[Result "0-1"]
[WhiteElo "1992"]
[BlackElo "2054"]
[PlyCount "60"]
[EventDate "2014.01.25"]
[EventType "team-tourn"]
[EventRounds "9"]
[EventCountry "ESP"]
[SourceTitle "EXT 2015"]
[Source "ChessBase"]
[SourceDate "2014.11.20"]
[SourceVersion "1"]
[SourceVersionDate "2014.11.20"]
[SourceQuality "1"]
[WhiteTeam "Jaime Casas II"]
[BlackTeam "Pedro Cerbuna"]
[WhiteTeamCountry "ESP"]
[BlackTeamCountry "ESP"]

1. d4 Nf6 2. Nf3 g6 3. Bf4 Bg7 4. e3 d6 5. Bd3 Nh5 6. Bg3 Nxg3 7. hxg3 Bg4 8. c3 Nd7 9. Nbd2 e5 10. Qb3 Rb8 11. Qa4 Be6 12. Qc2 f5 13. e4 0-0 14. exf5 gxf5 15. dxe5 dxe5 16. Bc4 Bxc4 17. Nxc4 e4 18. Nd4 Nc5 19. 0-0-0 Qd5 20. b3 Nd3+ 21. Kb1 Bxd4 22. cxd4 Qxd4 23. Rh5 Rbd8 24. Rg5+ Kh8 25. Ne3 f4 26. Nf5 Qf6 27. Rh5 Rd5 28. g4 Rc5 29. Qe2 Qc3 30. Rdh1 Qc1+ 0-1

[Event "Aragon-chT Preferente A"]
[Site "Aragon"]
[Date "2013.03.16"]
[Round "8.30"]
[White "Abad Vinas, Jesus Manuel"]
[Black "Rodriguez Leiva, Manuel"]
[Result "0-1"]
[WhiteElo "1872"]
[BlackElo "2034"]
[PlyCount "78"]
[EventDate "2013.01.26"]
[EventType "team"]
[EventRounds "9"]
[EventCountry "ESP"]
[SourceTitle "EXT 2014"]
[Source "ChessBase"]
[SourceDate "2013.11.20"]
[SourceVersion "1"]
[SourceVersionDate "2013.11.20"]
[SourceQuality "1"]
[WhiteTeam "Ramiro III"]
[BlackTeam "Jaime Casas II"]
[WhiteTeamCountry "ESP"]
[BlackTeamCountry "ESP"]

1. e4 e6 2. d3 d5 3. Nd2 Nf6 4. Ngf3 c5 5. g3 Nc6 6. Bg2 Be7 7. 0-0 0-0 8. Re1 Re8 9. c3 a5 10. Qc2 a4 11. Nf1 dxe4 12. dxe4 Qc7 13. Ng5 h6 14. Nf3 b5 15. Bf4 e5 16. Bd2 Be6 17. Ne3 Red8 18. Nh4 Rd7 19. Bf1 Rad8 20. Nf3 Qb8 21. b3 a3 22. Rad1 b4 23. cxb4 Nd4 24. Nxd4 cxd4 25. Nf5 Bxb4 26. Bxb4 Qxb4 27. Bd3 Kh7 28. Rc1 Rb7 29. Qc5 Qd2 30. Ba6 Rc8 31. Qxa3 Nxe4 32. Rxe4 Qxc1+ 33. Qxc1 Rxc1+ 34. Kg2 Ra7 35. Bb5 Bxf5 36. Rxe5 Bg6 37. a4 Rc3 38. Bc4 Rd7 39. a5 d3 0-1

[Event "Aragon-chT Preferente B"]
[Site "Aragon"]
[Date "2012.02.04"]
[Round "1.71"]
[White "Rodriguez Leiva, Manuel"]
[Black "Palomar Ramon, Santiago"]
[Result "1-0"]
[WhiteElo "2046"]
[BlackElo "2029"]
[PlyCount "161"]
[EventDate "2012.02.04"]
[EventType "team"]
[EventRounds "9"]
[EventCountry "ESP"]
[SourceTitle "EXT 2014"]
[Source "ChessBase"]
[SourceDate "2013.11.20"]
[SourceVersion "1"]
[SourceVersionDate "2013.11.20"]
[SourceQuality "1"]
[WhiteTeam "Jaime Casas II"]
[BlackTeam "San Jose"]
[WhiteTeamCountry "ESP"]
[BlackTeamCountry "ESP"]

1. c4 e6 2. Nc3 Nf6 3. Nf3 Bb4 4. g3 0-0 5. Bg2 d5 6. cxd5 exd5 7. 0-0 d4 8. Nb5 Nc6 9. d3 a6 10. Na3 Bxa3 11. bxa3 Ne7 12. Qc2 Be6 13. Bb2 Nf5 14. Ng5 Bd5 15. Ne4 Rc8 16. Qc5 c6 17. Nxf6+ gxf6 18. Bh3 b6 19. Qc1 Be6 20. Qf4 Ng7 21. Bg2 c5 22. e3 Bd5 23. exd4 Bxg2 24. Kxg2 Ne6 25. Qg4+ Kh8 26. dxc5 Rxc5 27. Qf3 Kg7 28. h4 Qd5 29. Bxf6+ Kg6 30. Be7 Qxf3+ 31. Kxf3 Rf5+ 32. Kg2 Re8 33. Bb4 Rd8 34. Rad1 Rfd5 35. f4 f5 36. Rf3 Nc5 37. Bxc5 bxc5 38. Kf2 c4 39. Ke2 Kh5 40. Re3 Rxd3 41. Rdxd3 Rxd3 42. Rxd3 cxd3+ 43. Kxd3 Kg4 44. Kd4 Kxg3 45. Ke5 h5 46. Kxf5 Kxh4 47. Kg6 Kg4 48. f5 h4 49. f6 h3 50. f7 h2 51. f8Q h1Q 52. Qc8+ Kf4 53. Qf5+ Ke3 54. Qc5+ Kd3 55. Qd6+ Kc3 56. Qb4+ Kc2 57. Qb3+ Kc1 58. Kf5 Qc6 59. a4 Qc5+ 60. Ke6 Qc6+ 61. Ke5 Qc7+ 62. Kd4 Qd7+ 63. Kc3 Qd2+ 64. Kc4 Qf4+ 65. Kd5 Qf5+ 66. Kc6 Qf6+ 67. Kb7 Kd2 68. a5 Qd6 69. a3 Qd7+ 70. Kxa6 Qc6+ 71. Qb6 Qa8+ 72. Kb5 Qd5+ 73. Qc5 Qb7+ 74. Ka4 Kd1 75. Qd6+ Kc2 76. a6 Qb3+ 77. Ka5 Qc3+ 78. Kb6 Qb3+ 79. Kc7 Qf7+ 80. Qd7 Qf4+ 81. Kb7 1-0

[Event "Aragon-chT Preferente-B"]
[Site "Spain"]
[Date "2011.03.19"]
[Round "7.2"]
[White "Rodriguez Leiva, Manuel"]
[Black "Gella Bitrian, Diego"]
[Result "0-1"]
[WhiteElo "2109"]
[BlackElo "1973"]
[PlyCount "78"]
[EventDate "2011.02.05"]
[EventType "team-tourn"]
[EventRounds "9"]
[EventCountry "ESP"]
[SourceTitle "EXT 2013"]
[Source "ChessBase"]
[SourceDate "2012.11.22"]
[SourceVersion "1"]
[SourceVersionDate "2012.11.22"]
[SourceQuality "1"]
[WhiteTeam "Jaime Casas II"]
[BlackTeam "Atl Huesca"]
[WhiteTeamCountry "ESP"]
[BlackTeamCountry "ESP"]

1. e4 c5 2. Nf3 d6 3. Bc4 e6 4. 0-0 Nf6 5. Nc3 a6 6. a4 Nbd7 7. a5 b5 8. axb6 Be7 9. d3 Nxb6 10. Bb3 0-0 11. Bg5 Bb7 12. Qe2 d5 13. e5 Nfd7 14. Bxe7 Qxe7 15. Rae1 Rac8 16. Ba2 Nb8 17. d4 cxd4 18. Nxd4 Qb4 19. Nb3 a5 20. Qh5 a4 21. Re3 axb3 22. Rh3 h6 23. cxb3 d4 24. Qg4 Qa5 25. Na4 Nxa4 26. bxa4 Qxe5 27. Bb1 f5 28. Qh5 Ba6 29. f4 Qe2 30. Qxe2 Bxe2 31. Re1 Bc4 32. b4 Rfd8 33. Kf2 Rd6 34. b5 d3 35. Rd1 Rcd8 36. Rd2 Rd4 37. Rf3 R8d6 38. g3 Nd7 39. Re3 Nc5 0-1